Postoje slovenskej verejnosti k demokratickým hodnotám a inštitúciám na začiatku 21. storočia

Vnímanie a hodnotie politickej kultúry a aktérov politickej sféry na Slovensku slovenskou verejnosť. Dôraz je kladený na skúmanie miery identifikácie občanov SR s demokratickými hodnotami.

Gespeichert in:
Bibliographische Detailangaben
1. Verfasser: Plávková, Oľga
Format: Buchkapitel
Sprache:Slowakisch
Schlagworte:
Tags: Tag hinzufügen
Keine Tags, Fügen Sie das erste Tag hinzu!

MARC

LEADER 00000nla a2200000 4500
001 0183954
005 20240502073142.8
041 0 |a slo 
044 |a SK 
245 1 0 |a Postoje slovenskej verejnosti k demokratickým hodnotám a inštitúciám na začiatku 21. storočia  |c Oľga Plávková 
520 |a Vnímanie a hodnotie politickej kultúry a aktérov politickej sféry na Slovensku slovenskou verejnosť. Dôraz je kladený na skúmanie miery identifikácie občanov SR s demokratickými hodnotami. 
610 2 0 |a politika 
610 2 0 |a strany politické 
610 2 0 |a situácia politická 
610 2 0 |a inštitúcie verejnoprávne 
610 2 0 |a demokracia 
610 2 0 |a mienka verejná 
610 2 0 |a prieskum 
100 1 |a Plávková, Oľga